Pedro Mari Otano'ren Bertsoak. (Record no. 98451)

MARC details
000 -LEADER
campo de control de longitud fija 00551nam a2200205 i 4500
001 - NÚMERO DE CONTROL
campo de control 98451
003 - IDENTIFICADOR DE NÚMERO DE CONTROL
campo de control ES-MaACL
005 - FECHA Y HORA DE LA ÚLTIMA TRANSACCIÓN
campo de control 20230906182304.0
007 - CAMPO FIJO DE DESCRIPCIÓN FÍSICA--INFORMACIÓN GENERAL
campo de control de longitud fija t|
008 - DATOS DE LONGITUD FIJA--INFORMACIÓN GENERAL
campo de control de longitud fija 050906s1959 sp ||||1| baq d
080 ## - NÚMERO DE LA CLASIFICACIÓN DECIMAL UNIVERSAL
Número de la Clasificación Decimal Universal 891.69-1
100 1# - ENTRADA PRINCIPAL--NOMBRE DE PERSONA
Nombre de persona Otaño, Pedro María.
9 (RLIN) 87858
245 10 - MENCIÓN DEL TÍTULO
Título Pedro Mari Otano'ren Bertsoak.
260 ## - PUBLICACIÓN, DISTRIBUCIÓN, ETC.
Lugar de publicación, distribución, etc. Zarautz'en :
Nombre del editor, distribuidor, etc. Itzaropena,
Fecha de publicación, distribución, etc. 1959.
300 ## - DESCRIPCIÓN FÍSICA
Extensión 139 p. ;
Dimensiones 22 cm.
490 1# - MENCIÓN DE SERIE
Mención de serie Kuliska sorta ;
Designación de volumen o secuencia 31-32
830 0# - PUNTO DE ACCESO ADICIONAL DE SERIE-TÍTULO UNIFORME
Título uniforme Kuliska sorta ;
Designación de volumen o secuencia 31-32
9 (RLIN) 182694
852 ## - LOCALIZACIÓN
Ubicación ES-MaACL
Número de control de estantería C-20177
Sublocalización o colección R.48555
Holdings
Estatus retirado Estado de pérdida Estado de daño No para préstamo Biblioteca de origen Biblioteca actual Ubicación en estantería Fecha de adquisición Fuente de adquisición Total de préstamos Signatura topográfica completa Código de barras Visto por última vez Precio de reemplazo Tipo de ítem Koha
        Biblioteca del Ateneo de Madrid Biblioteca del Ateneo de Madrid Galería 17/01/2008     C-20177 1102774 23/02/2023 23/02/2023 Libro impreso